The noble scholar, jurist, historian


 His Excellency Dr. Abdul Wahhab bin Ibrahim Abu Sulaiman, may Allah have mercy on him.


 He was born in Umm Al-Qura in the year 1356 AH.

مجموعة رسوم تذكارية لزيارة صاحب السمو الملكي الأمير سعود آل سعود ولي عهد المملكة العربية السعودية إلى الظهران خلال شهر يناير 1950 / (Record no. 13877)

MARC details
000 -LEADER
fixed length control field 01533cam a2200313 i 4500
003 - CONTROL NUMBER IDENTIFIER
control field SA-RiAUC
005 - DATE AND TIME OF LATEST TRANSACTION
control field 20260104132252.0
008 - FIXED-LENGTH DATA ELEMENTS--GENERAL INFORMATION
fixed length control field 251130s2006 su o g f01010 ara c
020 ## - INTERNATIONAL STANDARD BOOK NUMBER
Canceled/invalid ISBN 9960978509
024 0# - OTHER STANDARD IDENTIFIER
Standard number or code 1427/4434
040 ## - CATALOGING SOURCE
Original cataloging agency SA-JeALM
Language of cataloging ara
Transcribing agency SA-RiAUC
Description conventions rda
043 ## - GEOGRAPHIC AREA CODE
Geographic area code a-su---
050 #4 - LIBRARY OF CONGRESS CALL NUMBER
Item number .D37 2006
082 04 - DEWEY DECIMAL CLASSIFICATION NUMBER
Classification number 923.1
Assigning agency SA-RiAUC
090 ## - LOCALLY ASSIGNED LC-TYPE CALL NUMBER (OCLC); LOCAL CALL NUMBER (RLIN)
Classification number (OCLC) (R) ; Classification number, CALL (RLIN) (NR) 923.1
Local cutter number (OCLC) ; Book number/undivided call number, CALL (RLIN) د ا ر
110 2# - MAIN ENTRY--CORPORATE NAME
Corporate name or jurisdiction name as entry element دارة الملك عبد العزيز
Relator term مؤلف.
245 10 - TITLE STATEMENT
Title مجموعة رسوم تذكارية لزيارة صاحب السمو الملكي الأمير سعود آل سعود ولي عهد المملكة العربية السعودية إلى الظهران خلال شهر يناير 1950 /
Statement of responsibility, etc. دارة الملك عبد العزيز.
264 #1 - PRODUCTION, PUBLICATION, DISTRIBUTION, MANUFACTURE, AND COPYRIGHT NOTICE
Place of production, publication, distribution, manufacture الرياض :
Name of producer, publisher, distributor, manufacturer دار الملك عبد العزيز،
Date of production, publication, distribution, manufacture, or copyright notice 2006
300 ## - PHYSICAL DESCRIPTION
Extent 50 صفحة :
Other physical details صور ؛
Dimensions 28 سم .
336 ## - CONTENT TYPE
Content type term نص
Content type code txt
Source rdacontent
Materials specified كتاب
337 ## - MEDIA TYPE
Media type term بدون وسيط
Media type code n
Source rdamedia
600 17 - SUBJECT ADDED ENTRY--PERSONAL NAME
Personal name الملك سعود، سعود بن عبد العزيز بن عبد الرحمن،
Titles and other words associated with a name ملك السعودية،
Dates associated with a name 1319-1388 هجري
Source of heading or term aucnm
651 #7 - SUBJECT ADDED ENTRY--GEOGRAPHIC NAME
Geographic name السعودية
General subdivision ملوك وحكام
Form subdivision تراجم
Source of heading or term aucsh
651 #7 - SUBJECT ADDED ENTRY--GEOGRAPHIC NAME
Geographic name الظهران (السعودية)
General subdivision تاريخ
Source of heading or term aucsh
651 #7 - SUBJECT ADDED ENTRY--GEOGRAPHIC NAME
Geographic name السعودية
General subdivision تاريخ
Chronological subdivision سعود بن عبد العزيز، 1373-1383 هجري.
Source of heading or term aucsh
651 #7 - SUBJECT ADDED ENTRY--GEOGRAPHIC NAME
Geographic name السعودية
General subdivision علاقات اقتصادية خارجية
Source of heading or term aucsh
942 ## - ADDED ENTRY ELEMENTS (KOHA)
Source of classification or shelving scheme Dewey Decimal Classification
Koha item type Books
Suppress in OPAC No
949 ## - LOCAL PROCESSING INFORMATION (OCLC)
a SA-JeALM
d 251130
u osman123
n 1
Holdings
Withdrawn status Lost status Source of classification or shelving scheme Damaged status Not for loan Home library Current library Date acquired Total checkouts Full call number Barcode Date last seen Price effective from Koha item type
    Dewey Decimal Classification     DR AbdElwahab Library DR AbdElwahab Library 01/04/2026   923.1 د ا ر 000022218 01/04/2026 01/04/2026 Books